000 00321nam a22001217a 4500
008 160503b xxu||||| |||| 00| 0 eng d
020 _a9780205179244
020 _a020517924
041 _aeng
080 _a61
245 _aResearch technique for the health sciences:
_cJames J. Neutens; Laurna Rubinson;
942 _2udc
_cBK
999 _c1727
_d1727